000 00559nam a2200193Ia 4500
005 20250508152038.0
008 008 250505s9999 xx 000 0 eng d
037 _aTextual
040 _aFEDL
_beng
_cFEDL
041 _aeng
_2eng
084 _a371.3, BRI
_qFEDL
100 _aStott D H Ed.
_9760311
245 0 _aSurvey of books for backward readers
245 0 _cBristol. Inistitute of Education
260 _aLondon, UK
_bUniversity of London Press
_c1956
300 _a104p.
942 _cTEXL
_h371.3, BRI
999 _c1333895
_d1333895